[Event "XXVIII Festival Conca della Presolana A"]
[Site "Bratto - Castione della Presolana ITA"]
[Date "2008.08.25"]
[Round "4"]
[White "Scalcione, Michelangelo"]
[Black "Shytaj, Luca"]
[Result "0-1"]
[WhiteElo "2398"]
[BlackElo "2467"]
[PlyCount "112"]
[EventDate "2008.08.22"]

1. Nf3 d5 2. d4 Nf6 3. c4 dxc4 4. e3 a6 5. Bxc4 e6 6. O-O Nbd7 7. Qe2 c5 8. Rd1
b5 9. Bb3 Bb7 10. a4 Bd6 11. e4 cxd4 12. Nxd4 Qb8 13. axb5 Bxh2+ 14. Kh1 axb5
15. Rxa8 Bxa8 16. Nxb5 O-O 17. N1c3 Nc5 18. Bc2 Bf4 19. Bxf4 Qxf4 20. f3 e5 21.
Nc7 g5 22. Kg1 Rb8 23. b4 Ncd7 24. b5 g4 25. Qd2 gxf3 26. Qxf4 exf4 27. gxf3
Rc8 28. b6 Nxb6 29. N3b5 Nc4 30. Bb3 Ne5 31. Kf2 Bc6 32. Rd6 Kg7 33. Bd1 h5 34.
Be2 h4 35. Rd1 Bxb5 36. Nxb5 Ng6 37. Nd6 Rb8 38. Nf5+ Kf8 39. Rh1 Rb2 40. Nxh4
Nh5 41. Nxg6+ fxg6 42. Rh4 Kg7 43. Ke1 Kf6 44. Rg4 Ng3 45. Rxf4+ Ke5 46. Rg4
Nxe2 47. Rxg6 Nf4 48. Ra6 Nd3+ 49. Kf1 Kf4 50. e5 Rd2 51. Rf6+ Ke3 52. e6 Rd1+
53. Kg2 Nf4+ 54. Kh2 Rd2+ 55. Kh1 Kxf3 56. e7 Kg3 0-1

[Event "XXVIII Festival Conca della Presolana A"]
[Site "Bratto - Castione della Presolana ITA"]
[Date "2008.08.25"]
[Round "4"]
[White "Scotti, Umberto"]
[Black "Martinez, Rolly"]
[Result "0-1"]
[WhiteElo "2172"]
[BlackElo "2441"]
[PlyCount "44"]
[EventDate "2008.08.22"]

1. d4 Nf6 2. Nf3 e6 3. e3 b6 4. Bd3 Bb7 5. O-O c5 6. c3 Be7 7. Qe2 Ne4 8. Nbd2
f5 9. Ne5 O-O 10. f3 Nxd2 11. Bxd2 d6 12. Nc4 b5 13. Na3 a6 14. Rae1 e5 15. e4
f4 16. d5 Bh4 17. Rd1 c4 18. Bc2 Bc8 19. b3 Qa5 20. Bc1 Rf6 21. bxc4 Qb6+ 22.
Kh1 Bg3 0-1

[Event "XXVIII Festival Conca della Presolana A"]
[Site "Bratto - Castione della Presolana ITA"]
[Date "2008.08.25"]
[Round "4"]
[White "Simutowe, Amon"]
[Black "Lucaroni, Massimiliano"]
[Result "1-0"]
[WhiteElo "2458"]
[BlackElo "2289"]
[PlyCount "80"]
[EventDate "2008.08.22"]

1. d4 d5 2. c4 e6 3. Nc3 c5 4. cxd5 exd5 5. Nf3 Nc6 6. g3 Nf6 7. Bg2 Be7 8. O-O
O-O 9. b3 Bg4 10. Ne5 cxd4 11. Nxc6 bxc6 12. Qxd4 Qb6 13. Qd3 Rad8 14. Bg5 h6
15. Bf4 Rfe8 16. e3 Nd7 17. h3 Bh5 18. g4 Bg6 19. Qd2 Nc5 20. Be5 Nd3 21. Na4
Qb5 22. Bc3 c5 23. Ba5 Rd7 24. Rad1 c4 25. Bc3 Ba3 26. Bd4 cxb3 27. Nc3 Qc4 28.
axb3 Qxb3 29. Ra1 Bb4 30. Rfb1 Qc4 31. Bf1 Bxc3 32. Bxc3 Qe4 33. Rd1 Ne5 34.
Bxe5 Rxe5 35. Bg2 Qc2 36. Qd4 Re8 37. Rd2 Qc7 38. Rda2 Qc4 39. Qxc4 dxc4 40.
Bc6 Red8 1-0

[Event "XXVIII Festival Conca della Presolana A"]
[Site "Bratto - Castione della Presolana ITA"]
[Date "2008.08.25"]
[Round "4"]
[White "Spassov, Liuben D."]
[Black "Salvador, Roland"]
[Result "1/2-1/2"]
[WhiteElo "2428"]
[BlackElo "2443"]
[PlyCount "63"]
[EventDate "2008.08.22"]

1. d4 Nf6 2. c4 e6 3. Nf3 b6 4. Nc3 Bb4 5. Qc2 Bb7 6. a3 Bxc3+ 7. Qxc3 Ne4 8.
Qc2 O-O 9. e3 d6 10. Be2 Nd7 11. O-O f5 12. b4 Qf6 13. Bb2 Qh6 14. d5 e5 15.
Bd3 Ndf6 16. Rae1 g5 17. Nd2 Nxd2 18. Qxd2 f4 19. f3 Nh5 20. Qf2 fxe3 21. Qxe3
Nf4 22. Be4 Rf6 23. Kh1 Raf8 24. Qf2 Ba6 25. Qc2 Qh5 26. Bc1 Kh8 27. Rf2 Bc8
28. c5 Bd7 29. Be3 Rh6 30. g4 Qf7 31. cxd6 cxd6 32. Qc7 1/2-1/2

[Event "XXVIII Festival Conca della Presolana A"]
[Site "Bratto - Castione della Presolana ITA"]
[Date "2008.08.25"]
[Round "4"]
[White "Stips, Felix"]
[Black "Cordara, Michele"]
[Result "1-0"]
[WhiteElo "2061"]
[BlackElo "2146"]
[PlyCount "63"]
[EventDate "2008.08.22"]

1. Nf3 Nf6 2. c4 c5 3. Nc3 Nc6 4. d4 cxd4 5. Nxd4 g6 6. e4 d6 7. Be2 Bg7 8. Be3
O-O 9. O-O Bd7 10. Qd2 Ng4 11. Bxg4 Bxg4 12. b3 a6 13. a4 Re8 14. Nd5 Rb8 15.
a5 Be6 16. Nb6 Nxd4 17. Bxd4 f5 18. Bxg7 Kxg7 19. Qd4+ Kg8 20. e5 dxe5 21. Qxe5
Qd6 22. Qxd6 exd6 23. Rad1 Rbd8 24. Rd2 Bf7 25. Rfd1 Re5 26. b4 Kf8 27. f3 Re3
28. Rxd6 Rxd6 29. Rxd6 Rb3 30. Rd7 Rxb4 31. Rxb7 Ke8 32. Rb8+ 1-0

[Event "XXVIII Festival Conca della Presolana A"]
[Site "Bratto - Castione della Presolana ITA"]
[Date "2008.08.25"]
[Round "4"]
[White "Tjiam, Dharma"]
[Black "De Nardi, Riccardo"]
[Result "1-0"]
[WhiteElo "2372"]
[BlackElo "1982"]
[PlyCount "35"]
[EventDate "2008.08.22"]

1. d4 d6 2. e4 Nf6 3. Nc3 g6 4. Nf3 Bg7 5. h3 O-O 6. Be3 Nbd7 7. a4 e5 8. dxe5
Nxe5 9. Nxe5 dxe5 10. Qxd8 Rxd8 11. Bc4 c6 12. a5 Be6 13. Bxe6 fxe6 14. Ke2 Bf8
15. f3 Bb4 16. Nb1 Nh5 17. Kf2 Ng3 18. Kxg3 1-0

[Event "XXVIII Festival Conca della Presolana A"]
[Site "Bratto - Castione della Presolana ITA"]
[Date "2008.08.25"]
[Round "4"]
[White "Vignoli, Matteo"]
[Black "Carrara, Diego"]
[Result "0-1"]
[WhiteElo "1992"]
[BlackElo "2043"]
[PlyCount "88"]
[EventDate "2008.08.22"]

1. e4 c5 2. Nf3 Nc6 3. d4 cxd4 4. Nxd4 e5 5. Nb5 a6 6. Nd6+ Bxd6 7. Qxd6 Qf6 8.
Qd1 Qg6 9. Nc3 Nge7 10. Be2 Nd4 11. O-O Nxe2+ 12. Qxe2 O-O 13. Kh1 f5 14. f4 d6
15. Be3 Nc6 16. fxe5 dxe5 17. Bc5 Rf7 18. Rad1 f4 19. Rd6 Be6 20. Qd3 Re8 21.
Ne2 Qh5 22. Ng1 Rf6 23. Qd1 Bg4 24. Nf3 Rh6 25. Rxh6 Qxh6 26. c3 Qf6 27. h3 Bc8
28. Bb6 h6 29. Qd5+ Be6 30. Qc5 Qe7 31. Rd1 Bxa2 32. Rd6 Bf7 33. b4 Kh7 34. Kg1
Bg6 35. Nd2 Qh4 36. Qd5 Qe1+ 37. Kh2 Qg3+ 38. Kh1 Qxc3 39. Rd7 Qxb4 40. Rxb7
Nd4 41. Qd7 Rg8 42. Nf3 Nxf3 43. gxf3 Qe1+ 44. Kg2 Qg3+ 0-1

[Event "XXVIII Festival Conca della Presolana A"]
[Site "Bratto - Castione della Presolana ITA"]
[Date "2008.08.25"]
[Round "4"]
[White "Vinzoni, Andrea"]
[Black "Leburgue, Sylvain"]
[Result "1/2-1/2"]
[WhiteElo "2062"]
[BlackElo "2168"]
[PlyCount "93"]
[EventDate "2008.08.22"]

1. d4 d5 2. c4 c6 3. Nf3 Nf6 4. Nc3 e6 5. e3 Nbd7 6. Bd3 dxc4 7. Bxc4 b5 8. Bd3
Bd6 9. O-O O-O 10. e4 e5 11. Bg5 exd4 12. Nxd4 Ne5 13. Bc2 Re8 14. Nf5 Bxf5 15.
exf5 Be7 16. Bxf6 Bxf6 17. Ne4 Nc4 18. Qxd8 Raxd8 19. Nxf6+ gxf6 20. b3 Na3 21.
Bd1 Rd2 22. Bf3 c5 23. Rfd1 Red8 24. Kf1 c4 25. bxc4 bxc4 26. Rxd2 Rxd2 27. Rc1
Rxa2 28. Bd5 Rd2 29. Bxc4 Rc2 30. Rxc2 Nxc2 31. g4 Nd4 32. f4 Kf8 33. Kf2 Ke7
34. Ke3 Nc6 35. h4 a5 36. Bb3 Nb4 37. g5 Nc6 38. Ke4 Nb8 39. h5 Nd7 40. Kd4 Nb6
41. g6 fxg6 42. fxg6 hxg6 43. hxg6 Kf8 44. Kc5 Nc8 45. Be6 Ne7 46. f5 Kg7 47.
Kb5 1/2-1/2

[Event "XXVIII Festival Conca della Presolana A"]
[Site "Bratto - Castione della Presolana ITA"]
[Date "2008.08.25"]
[Round "4"]
[White "Vocaturo, Daniele"]
[Black "Brunello, Sabino"]
[Result "1-0"]
[WhiteElo "2417"]
[BlackElo "2482"]
[PlyCount "67"]
[EventDate "2008.08.22"]

1. c4 Nf6 2. Nc3 c5 3. Nf3 e6 4. g3 b6 5. Bg2 Bb7 6. O-O Be7 7. d4 cxd4 8. Qxd4
d6 9. Rd1 a6 10. Bg5 Nbd7 11. Qd2 Rc8 12. Bf4 Rxc4 13. Bxd6 Bxd6 14. Qxd6 Rc6
15. Qb4 Rc5 16. Na4 Rb5 17. Qa3 Qe7 18. Qxe7+ Kxe7 19. Nd4 Bxg2 20. Kxg2 Rd5
21. Nc6+ Kd6 22. Nb4 Rxd1 23. Rxd1+ Kc7 24. Nxa6+ Kb7 25. Nb4 Rc8 26. Nc3 Rc4
27. Nc2 Ne5 28. f4 Neg4 29. h3 Nh6 30. Ne3 Rc5 31. g4 g5 32. fxg5 Rxg5 33. Kf3
Rc5 34. h4 1-0

[Event "XXVIII Festival Conca della Presolana A"]
[Site "Bratto - Castione della Presolana ITA"]
[Date "2008.08.25"]
[Round "4"]
[White "Zilahi, Gabor"]
[Black "Bassis, Ivano"]
[Result "1-0"]
[WhiteElo "2013"]
[BlackElo "2021"]
[PlyCount "55"]
[EventDate "2008.08.22"]

1. d4 d5 2. e3 Nf6 3. Bd3 c5 4. c3 e6 5. Nd2 Nc6 6. f4 cxd4 7. exd4 Bd6 8. Nh3
Ne7 9. Qe2 O-O 10. O-O b6 11. Nf3 Bb7 12. Ne5 Ne4 13. Ng5 Nxg5 14. fxg5 Ng6 15.
Nxg6 hxg6 16. Rf3 Qe7 17. Bd2 e5 18. Re1 e4 19. Rh3 Rfe8 20. Bb5 Bc8 21. Rh4
Bd7 22. Bxd7 Qxd7 23. c4 Qc6 24. cxd5 Qxd5 25. Qe3 Re6 26. Qh3 f5 27. gxf6 Rxf6
28. Rh8+ 1-0

[Event "XXVIII Festival Conca della Presolana A"]
[Site "Bratto - Castione della Presolana ITA"]
[Date "2008.08.26"]
[Round "5"]
[White "Andreoli, Renato"]
[Black "Hanly, Steven"]
[Result "1/2-1/2"]
[WhiteElo "2139"]
[BlackElo "2020"]
[PlyCount "32"]
[EventDate "2008.08.22"]

1. Nf3 Nf6 2. g3 d5 3. Bg2 c6 4. O-O Bg4 5. d3 Nbd7 6. c4 dxc4 7. dxc4 e5 8.
Be3 Qc7 9. Nc3 Bc5 10. Bxc5 Nxc5 11. b4 Ne6 12. h3 Bh5 13. Qa4 O-O 14. Rfd1 Nd7
15. e3 Rfd8 16. g4 Bg6 1/2-1/2

[Event "XXVIII Festival Conca della Presolana A"]
[Site "Bratto - Castione della Presolana ITA"]
[Date "2008.08.26"]
[Round "5"]
[White "Barberi, Alessandro"]
[Black "Cereda, Loris"]
[Result "1/2-1/2"]
[WhiteElo "2153"]
[BlackElo "2043"]
[PlyCount "44"]
[EventDate "2008.08.22"]

1. d4 Nf6 2. Nf3 e6 3. c4 b6 4. Nbd2 Bb7 5. e3 d5 6. b3 Bd6 7. Bb2 Nbd7 8. Bd3
Ne4 9. O-O O-O 10. Qe2 Qe7 11. a3 f5 12. Rfd1 Ndf6 13. Ne5 Nxd2 14. Rxd2 Ne4
15. Rdd1 Bxe5 16. dxe5 Nc5 17. cxd5 Nxd3 18. d6 cxd6 19. exd6 Qxd6 20. Qxd3
Qxd3 21. Rxd3 Rad8 22. Rad1 Rd5 1/2-1/2

[Event "XXVIII Festival Conca della Presolana A"]
[Site "Bratto - Castione della Presolana ITA"]
[Date "2008.08.26"]
[Round "5"]
[White "Barlocco, Carlo"]
[Black "Pegoraro, Nicola"]
[Result "1-0"]
[WhiteElo "2150"]
[BlackElo "2021"]
[PlyCount "85"]
[EventDate "2008.08.22"]

1. b3 c5 2. Bb2 Nc6 3. e3 e6 4. f4 Nf6 5. Nf3 b6 6. Be2 Be7 7. O-O O-O 8. c4
Bb7 9. Nc3 d5 10. cxd5 exd5 11. d4 Re8 12. Ne5 cxd4 13. Nxc6 Bxc6 14. exd4 Qd7
15. Rc1 Bd6 16. g3 Re3 17. Rf3 Re7 18. Qd3 Rae8 19. Bf1 h5 20. Nb5 Bb8 21. a4
a6 22. Nc3 Bb7 23. Ba3 Re1 24. Rxe1 Rxe1 25. Re3 Rxe3 26. Qxe3 h4 27. Qe7 hxg3
28. hxg3 Ba7 29. Qxd7 Nxd7 30. Kf2 f5 31. Bh3 g6 32. g4 fxg4 33. Bxg4 Nf6 34.
Be6+ Kg7 35. Ke3 Bb8 36. Be7 Bc6 37. Bxf6+ Kxf6 38. Bxd5 Bxd5 39. Nxd5+ Kf5 40.
Ne7+ Kf6 41. Nc6 Bd6 42. Ke4 a5 43. Ne5 1-0

[Event "XXVIII Festival Conca della Presolana A"]
[Site "Bratto - Castione della Presolana ITA"]
[Date "2008.08.26"]
[Round "5"]
[White "Bassis, Ivano"]
[Black "Vignoli, Matteo"]
[Result "0-1"]
[WhiteElo "2021"]
[BlackElo "1992"]
[PlyCount "108"]
[EventDate "2008.08.22"]

1. e4 e5 2. Nf3 Nc6 3. Bb5 a6 4. Bxc6 dxc6 5. O-O Bg4 6. h3 h5 7. d3 Qf6 8.
Nbd2 Bd6 9. Re1 Bd7 10. d4 Ne7 11. Nc4 Ng6 12. Na5 b6 13. Nb3 Nh4 14. Nxh4 Qxh4
15. Qd3 g5 16. Qg3 Qxg3 17. fxg3 f6 18. Kf2 a5 19. Be3 a4 20. Nd2 h4 21. g4
exd4 22. Bxd4 Bg3+ 23. Ke3 Bxe1 24. Rxe1 Rf8 25. Rf1 Ke7 26. a3 c5 27. Bc3 b5
28. e5 f5 29. gxf5 Bxf5 30. Rf2 Bxc2 31. Nf3 Bb3 32. Nxg5 Rxf2 33. Kxf2 Bd5 34.
g4 Rb8 35. Ba5 Kd7 36. Nh7 b4 37. Nf6+ Kc6 38. Nxd5 Kxd5 39. Bxc7 bxa3 40. bxa3
Rb2+ 41. Ke1 Rb3 42. Bd8 Rxh3 43. Bf6 Rxa3 44. g5 Rg3 45. Kf2 Ke6 46. g6 Rxg6
47. Bxh4 Kxe5 48. Ke3 Rg4 49. Be7 Kd5 50. Bf6 Kc4 51. Kd2 Kb3 52. Kc1 c4 53.
Be7 c3 54. Bc5 Rh4 0-1

[Event "XXVIII Festival Conca della Presolana A"]
[Site "Bratto - Castione della Presolana ITA"]
[Date "2008.08.26"]
[Round "5"]
[White "Bellavita, Guido"]
[Black "Zilahi, Gabor"]
[Result "1/2-1/2"]
[WhiteElo "2101"]
[BlackElo "2013"]
[PlyCount "48"]
[EventDate "2008.08.22"]

1. c4 b6 2. b3 e6 3. Bb2 Bb7 4. e3 d6 5. Nf3 Nd7 6. Be2 Ngf6 7. O-O Be7 8. d3
O-O 9. Nbd2 a5 10. a3 Re8 11. Nd4 e5 12. Nf5 Bf8 13. e4 g6 14. Ne3 Bh6 15. Bg4
Nc5 16. Be2 Ne6 17. Ng4 Nxg4 18. Bxg4 Nf4 19. Nf3 Bg7 20. Ne1 h5 21. Bf3 Bc8
22. Bc1 Ne6 23. Be3 Qe7 24. Nc2 Bb7 1/2-1/2

[Event "XXVIII Festival Conca della Presolana A"]
[Site "Bratto - Castione della Presolana ITA"]
[Date "2008.08.26"]
[Round "5"]
[White "Bellia, Fabrizio"]
[Black "Jaracz, Pawel"]
[Result "1/2-1/2"]
[WhiteElo "2403"]
[BlackElo "2501"]
[PlyCount "76"]
[EventDate "2008.08.22"]

1. e4 c5 2. Nf3 e6 3. d4 cxd4 4. Nxd4 Nc6 5. Nc3 Qc7 6. Be2 Nf6 7. O-O Be7 8.
Be3 O-O 9. f4 d6 10. Kh1 a6 11. a4 Re8 12. Qd2 Bd7 13. Nb3 b6 14. Rad1 Bc8 15.
Bf3 Rb8 16. e5 dxe5 17. Bxc6 Qxc6 18. fxe5 Nd7 19. Qf2 Rf8 20. Qg3 Kh8 21. Nd4
Qc7 22. Bf4 Bb7 23. Nf5 exf5 24. e6 Qc4 25. exd7 Rbd8 26. Rfe1 Bf6 27. Bc7 Bh4
28. Qd6 Bxg2+ 29. Kxg2 Qg4+ 30. Qg3 Bxg3 31. hxg3 f4 32. Bxd8 Qxg3+ 33. Kf1
Qh3+ 34. Kf2 Qh2+ 35. Kf1 Qh3+ 36. Kf2 Qg3+ 37. Kf1 Qf3+ 38. Kg1 Qg3+ 1/2-1/2

[Event "XXVIII Festival Conca della Presolana A"]
[Site "Bratto - Castione della Presolana ITA"]
[Date "2008.08.26"]
[Round "5"]
[White "Bertagia, Roldano"]
[Black "Marguerettaz, Davy"]
[Result "1/2-1/2"]
[WhiteElo "2019"]
[BlackElo "1987"]
[PlyCount "98"]
[EventDate "2008.08.22"]

1. e4 e5 2. Nf3 Nc6 3. Bb5 Bc5 4. d3 Nd4 5. Nxd4 Bxd4 6. c3 Bb6 7. O-O c6 8.
Ba4 Nf6 9. Qe2 d6 10. h3 Qe7 11. Be3 Bd7 12. Bxb6 axb6 13. Bb3 Be6 14. Nd2 O-O
15. a3 Kh8 16. f4 Bxb3 17. Nxb3 exf4 18. Rxf4 d5 19. e5 Nd7 20. d4 f6 21. Re1
fxe5 22. Rxf8+ Rxf8 23. dxe5 Rf5 24. e6 Nf8 25. Nd4 Rf6 26. Qg4 g6 27. Qg5 Rf7
28. Qe5+ Rg7 29. Nf3 h6 30. Nh2 Kg8 31. Ng4 Kh7 32. Qf4 g5 33. Qf5+ Ng6 34.
Nf6+ Kh8 35. Nh5 Rg8 36. Rf1 Qc5+ 37. Qf2 Rf8 38. Qd4+ Qxd4+ 39. cxd4 Rxf1+ 40.
Kxf1 Kg8 41. g3 Kf8 42. Nf6 Ke7 43. Ng8+ Kxe6 44. Nxh6 Ne7 45. Ke2 c5 46. Ke3
Nc6 47. dxc5 bxc5 48. a4 Ne5 49. b3 Kf6 1/2-1/2

[Event "XXVIII Festival Conca della Presolana A"]
[Site "Bratto - Castione della Presolana ITA"]
[Date "2008.08.26"]
[Round "5"]
[White "Bonazzi, Edoardo"]
[Black "Griffa, Roberto"]
[Result "1-0"]
[WhiteElo "2163"]
[BlackElo "2084"]
[PlyCount "59"]
[EventDate "2008.08.22"]

1. Nf3 d5 2. c4 e6 3. b3 c5 4. e3 Nc6 5. Bb2 Nf6 6. g3 Be7 7. Bg2 O-O 8. O-O d4
9. exd4 cxd4 10. Re1 Bc5 11. a3 a5 12. d3 Nd7 13. Bc1 e5 14. Ra2 f5 15. Ng5 Qf6
16. Bd5+ Kh8 17. Nxh7 Qg6 18. Nxf8 Bxf8 19. Nd2 Ra6 20. Nf3 Bd6 21. Nh4 Qh7 22.
Bf7 Nf8 23. Bg5 Be6 24. Ng6+ Nxg6 25. Bxe6 Be7 26. Bxe7 Ncxe7 27. Bd5 Nxd5 28.
cxd5 Nf4 29. gxf4 Qh3 30. f3 1-0

[Event "XXVIII Festival Conca della Presolana A"]
[Site "Bratto - Castione della Presolana ITA"]
[Date "2008.08.26"]
[Round "5"]
[White "Brun, Dario"]
[Black "Scalcione, Michelangelo"]
[Result "0-1"]
[WhiteElo "2245"]
[BlackElo "2398"]
[PlyCount "112"]
[EventDate "2008.08.22"]

1. d4 d6 2. Nf3 Bg4 3. c4 Nd7 4. e4 Ngf6 5. Nc3 e5 6. Be2 Be7 7. O-O O-O 8. Be3
c6 9. Qc2 Re8 10. Rfd1 Bf8 11. d5 c5 12. Ne1 Bh5 13. Nd3 Nb6 14. b3 Bg6 15. f3
h5 16. h3 Nh7 17. g4 hxg4 18. hxg4 Be7 19. Kg2 Bg5 20. Bf2 Bh4 21. Be3 Bg5 22.
Bf2 f6 23. a3 Rc8 24. a4 a6 25. Rdb1 Re7 26. a5 Nd7 27. b4 cxb4 28. Rxb4 Nc5
29. Nxc5 dxc5 30. Rb6 Bf4 31. Qb2 Ng5 32. Rb1 Rd7 33. Rxb7 Rxb7 34. Qxb7 Bd2
35. Rb3 Bxc3 36. Rxc3 Rb8 37. Qxa6 Rb2 38. Re3 Kh7 39. Qa7 Qf8 40. Qc7 Bf7 41.
a6 Qh8 42. Qd7 Be8 43. Qc8 Kg6 44. Bh4 Qxh4 45. Qxe8+ Nf7 46. Qa4 Qe1 47. a7
Rb1 48. Bd1 Qxe3 49. a8=Q Qd2+ 50. Kg3 Rxd1 51. Qxd1 Qxd1 52. Qe8 Qg1+ 53. Kh3
Kg5 54. Qe6 Kf4 55. Qf5+ Ke3 56. Kh4 Qh2# 0-1

[Event "XXVIII Festival Conca della Presolana A"]
[Site "Bratto - Castione della Presolana ITA"]
[Date "2008.08.26"]
[Round "5"]
[White "Brunello, Sabino"]
[Black "De Filomeno, Simone"]
[Result "1-0"]
[WhiteElo "2482"]
[BlackElo "2102"]
[PlyCount "47"]
[EventDate "2008.08.22"]

1. d4 Nf6 2. Bg5 g6 3. Bxf6 exf6 4. Nf3 f5 5. c4 Bg7 6. Nc3 O-O 7. g3 b6 8. Bg2
Bb7 9. O-O d6 10. Rc1 Nd7 11. Qa4 Nf6 12. Rfd1 Ne4 13. Nd5 Bxd5 14. cxd5 Re8
15. e3 Bh6 16. Rd3 g5 17. Qc2 Re7 18. Nd2 Nf6 19. Rc3 Rc8 20. Qxf5 Kg7 21. Ne4
Nxe4 22. Bxe4 Qg8 23. Kg2 f6 24. Bd3 1-0

[Event "XXVIII Festival Conca della Presolana A"]
[Site "Bratto - Castione della Presolana ITA"]
[Date "2008.08.26"]
[Round "5"]
[White "Burlando, Alessandro"]
[Black "Marholev, Dimitar"]
[Result "0-1"]
[WhiteElo "2161"]
[BlackElo "2366"]
[PlyCount "120"]
[EventDate "2008.08.22"]

1. d4 Nf6 2. c4 g6 3. Nc3 Bg7 4. e4 d6 5. f3 O-O 6. Be3 Nbd7 7. Qd2 c5 8. d5
Ne5 9. Be2 e6 10. Nh3 exd5 11. cxd5 Bxh3 12. gxh3 a6 13. a4 Nh5 14. O-O Nd7 15.
f4 Nhf6 16. e5 dxe5 17. fxe5 Nxe5 18. Bxc5 Re8 19. Rf2 Nfd7 20. Bd4 Qh4 21. Qf4
Nf3+ 22. Rxf3 Bxd4+ 23. Kf1 Qxf4 24. Rxf4 Be5 25. Rb4 Nc5 26. Rd1 Rad8 27. Rc4
Nb3 28. Rb4 Na5 29. Re4 f5 30. Re3 Bd6 31. Re6 Kf7 32. Rxe8 Rxe8 33. Rd4 Nb3
34. Rd1 Ke7 35. Bc4 Na5 36. Re1+ Kd7 37. Rxe8 Kxe8 38. Ba2 Ke7 39. Nd1 b6 40.
Kg2 Bc5 41. Nc3 Bd4 42. b4 Nb7 43. Ne2 Be5 44. Bc4 a5 45. Ba6 Nd6 46. bxa5 bxa5
47. Nc1 Ne4 48. Nb3 Bc3 49. Bc8 Kd6 50. Be6 Nf6 51. Kf3 Nxd5 52. Bg8 Nf6 53.
Bc4 Bb4 54. Bf7 Ke5 55. Nc1 Bd6 56. Nb3 Bc7 57. Bc4 Ne4 58. h4 Nc3 59. Bb5 Nxb5
60. axb5 a4 0-1

[Event "XXVIII Festival Conca della Presolana A"]
[Site "Bratto - Castione della Presolana ITA"]
[Date "2008.08.26"]
[Round "5"]
[White "Burmakin, Vladimir"]
[Black "Damia, Angelo"]
[Result "1-0"]
[WhiteElo "2625"]
[BlackElo "2247"]
[PlyCount "119"]
[EventDate "2008.08.22"]

1. d4 d5 2. Nf3 Nf6 3. c4 c6 4. Qb3 dxc4 5. Qxc4 b5 6. Qc2 Bb7 7. Nbd2 Nbd7 8.
Nb3 a5 9. e4 a4 10. Nc5 Nxc5 11. dxc5 e5 12. Bd2 Nd7 13. Bb4 Qe7 14. Be2 Nb8
15. O-O Na6 16. a3 Nxb4 17. axb4 g6 18. b3 a3 19. Ra2 Bg7 20. Rfa1 O-O 21. Rxa3
Rxa3 22. Rxa3 Ra8 23. Rxa8+ Bxa8 24. Qa2 Bb7 25. Qa7 Qc7 26. h3 Bf6 27. Ne1 Qc8
28. Bg4 Qa8 29. Qxa8+ Bxa8 30. Bc8 Kf8 31. Nd3 Ke7 32. f3 Kd8 33. Ba6 Kc7 34.
f4 Bb7 35. fxe5 Bg7 36. Bxb7 Kxb7 37. Kf2 Kc8 38. h4 Kd7 39. Ke3 Ke6 40. Kd4 h6
41. Nf4+ Ke7 42. g4 Kd7 43. h5 g5 44. Ng2 Ke6 45. Ne3 Bxe5+ 46. Kd3 Bg7 47. Nf5
Bf8 48. Nd4+ Kd7 49. e5 Bg7 50. Ke4 Bf8 51. Kf5 Bg7 52. Ne2 Ke7 53. Nc1 Kd7 54.
Nd3 Ke7 55. Nf2 Kd7 56. Ne4 Ke8 57. e6 Ke7 58. exf7 Kxf7 59. Nd6+ Ke7 60. Kg6
1-0

[Event "XXVIII Festival Conca della Presolana A"]
[Site "Bratto - Castione della Presolana ITA"]
[Date "2008.08.26"]
[Round "5"]
[White "Cardili, Mariano"]
[Black "Salami, Marco"]
[Result "1-0"]
[WhiteElo "2100"]
[BlackElo "2186"]
[PlyCount "111"]
[EventDate "2008.08.22"]

1. d4 f5 2. c4 Nf6 3. Nf3 g6 4. g3 Bg7 5. Bg2 O-O 6. O-O d6 7. Nc3 Nc6 8. d5
Ne5 9. Nxe5 dxe5 10. Qb3 Kh8 11. Bd2 e4 12. Rad1 Ng4 13. f3 exf3 14. Rxf3 Qd6
15. Na4 a5 16. Bf4 Ne5 17. Rc3 Bd7 18. c5 Qf6 19. c6 bxc6 20. Nc5 Bc8 21. dxc6
g5 22. Nd7 Bxd7 23. Bxe5 Qxe5 24. cxd7 Rad8 25. e3 c5 26. Rd5 a4 27. Qxa4 Qe6
28. Rcd3 f4 29. Qe4 Qf6 30. gxf4 gxf4 31. exf4 Qxf4 32. Qxf4 Rxf4 33. b3 Bd4+
34. Kh1 e5 35. Bh3 Rf6 36. a4 Kg7 37. Rd1 Kf7 38. Rf1 Rxf1+ 39. Bxf1 Ke7 40.
Bb5 Rg8 41. h3 Kd8 42. Rd6 Rg6 43. Rxg6 hxg6 44. a5 e4 45. Kg2 g5 46. a6 c4 47.
bxc4 Bc5 48. Kg3 e3 49. Kf3 Ke7 50. Ba4 Kd8 51. Bd1 Kxd7 52. Kg4 Ke6 53. Kxg5
Ke5 54. h4 Kd4 55. h5 Kxc4 56. h6 1-0

[Event "XXVIII Festival Conca della Presolana A"]
[Site "Bratto - Castione della Presolana ITA"]
[Date "2008.08.26"]
[Round "5"]
[White "Cebalo, Miso"]
[Black "Gutierrez Castillo, Paloma"]
[Result "1-0"]
[WhiteElo "2523"]
[BlackElo "2157"]
[PlyCount "75"]
[EventDate "2008.08.22"]

1. g3 d5 2. Bg2 Nf6 3. d3 e6 4. Nf3 c5 5. O-O Nc6 6. c3 Bd6 7. a3 a5 8. a4 O-O
9. Na3 b6 10. e4 dxe4 11. dxe4 Ba6 12. Re1 Be7 13. Bg5 Qxd1 14. Raxd1 Rad8 15.
Bxf6 Bxf6 16. Bf1 Bxf1 17. Kxf1 Ne5 18. Ke2 h5 19. h3 g5 20. Rh1 Rfe8 21. Nd2
Rb8 22. Ndc4 Ng6 23. Rd6 Bd8 24. Nb5 h4 25. Kf3 Kg7 26. Rhd1 Kf6 27. Rd7 Be7
28. Na7 Red8 29. e5+ Kg7 30. Nc6 Rxd7 31. Rxd7 Re8 32. Nxe7 Rxe7 33. Rxe7 Nxe7
34. Nxb6 Nc6 35. gxh4 gxh4 36. Ke4 f5+ 37. exf6+ Kxf6 38. Nd7+ 1-0

[Event "XXVIII Festival Conca della Presolana A"]
[Site "Bratto - Castione della Presolana ITA"]
[Date "2008.08.26"]
[Round "5"]
[White "Cordara, Michele"]
[Black "Ricci, Alfredo"]
[Result "1-0"]
[WhiteElo "2146"]
[BlackElo "2069"]
[PlyCount "69"]
[EventDate "2008.08.22"]

1. c4 Nf6 2. g3 g6 3. Bg2 Bg7 4. Nc3 O-O 5. Nf3 d5 6. cxd5 Nxd5 7. d4 c5 8.
Nxd5 Qxd5 9. O-O Nc6 10. Ne5 Qxd4 11. Nxc6 bxc6 12. Qc2 Rb8 13. a4 Qb4 14. Bxc6
Be6 15. Bf4 Rb6 16. Bb5 Rc8 17. Rfd1 Bb3 18. Qd3 Bxd1 19. Qd7 Rf8 20. Rxd1 e5
21. Be3 a6 22. Qc7 Rbb8 23. Bxc5 Qb3 24. Rd3 Qc2 25. Bxa6 e4 26. Rd7 e3 27.
Bxe3 Qb1+ 28. Kg2 Qe4+ 29. Kg1 Rxb2 30. Bd3 Qxa4 31. Bc5 Qa1+ 32. Kg2 Qa8+ 33.
f3 Rc8 34. Qf4 Rxc5 35. Qxf7+ 1-0

[Event "XXVIII Festival Conca della Presolana A"]
[Site "Bratto - Castione della Presolana ITA"]
[Date "2008.08.26"]
[Round "5"]
[White "Cugini, Verter"]
[Black "Jablon, Stephen"]
[Result "0-1"]
[WhiteElo "2167"]
[BlackElo "1994"]
[PlyCount "24"]
[EventDate "2008.08.22"]

1. e4 Nc6 2. g3 d5 3. exd5 Qxd5 4. Nf3 Bg4 5. Bg2 Ne5 6. Nc3 Nxf3+ 7. Kf1 Qf5
8. Ne2 Ng5 9. f4 e5 10. d4 exf4 11. Bxf4 O-O-O 12. Qd2 Ne6 0-1

[Event "XXVIII Festival Conca della Presolana A"]
[Site "Bratto - Castione della Presolana ITA"]
[Date "2008.08.26"]
[Round "5"]
[White "David, Alberto"]
[Black "Tjiam, Dharma"]
[Result "1/2-1/2"]
[WhiteElo "2568"]
[BlackElo "2372"]
[PlyCount "85"]
[EventDate "2008.08.22"]

1. d4 Nf6 2. c4 e6 3. Nf3 Bb4+ 4. Bd2 a5 5. g3 b6 6. Bg2 Bb7 7. O-O O-O 8. Bg5
Be7 9. Nc3 d5 10. cxd5 Nxd5 11. Bxe7 Qxe7 12. Nxd5 exd5 13. Rc1 Na6 14. Ne5 Qd6
15. Qa4 Rad8 16. Nd3 Rfe8 17. e3 Nb4 18. Rfd1 Re7 19. a3 Bc6 20. Qb3 Nxd3 21.
Rxd3 Be8 22. Rdc3 h6 23. Bf1 Ra8 24. Bg2 Rd8 25. Bf3 g6 26. Bg2 Kg7 27. R3c2
Kg8 28. Bf1 Ra8 29. Bb5 a4 30. Qd3 Bxb5 31. Qxb5 Ra5 32. Qc6 Qxc6 33. Rxc6 Rb5
34. R1c2 h5 35. Kf1 Kf8 36. Ke2 Ke8 37. Kd3 Kd8 38. f3 Kc8 39. R6c3 Kb7 40. Kd2
Ra5 41. Kd3 Rb5 42. h3 Ra5 43. Rc1 1/2-1/2